000 00680nam a2200181Ia 4500
008 151202s9999||||xx |||||||||||||| ||und||
082 _bPNVM-41502
100 _aउगावकर राम.
245 _aएक मास्तर चंदेरी दुनियेत.
260 _b"शुभा प्रकाशन,कुर्ला मुंबई."
260 _c1997
300 _a128
600 _aउगावकर राम.
630 _aएक मास्तर चंदेरी दुनियेत.
700 _aउगावकर राम.
730 _aएक मास्तर चंदेरी दुनियेत.
942 _cBOOK
999 _c1307454
_d1307451